[Event "Olimpiada Calviá 2004"]
[Site "Calviá ESP"]
[Date "2004.10.25"]
[Round "10.61"]
[White "Kovacova, Zuzana"]
[Black "Rowe, Peter"]
[Result "1-0"]
[WhiteElo "2039"]
[BlackElo "2085"]
[PlyCount "83"]
[EventDate "2004.10.15"]
[EventType "team"]
[EventRounds "14"]
[EventCountry "ESP"]
[Source "lmi"]
[SourceDate "2004.10.27"]

1. e4 c5 2. Nc3 Nc6 3. g3 g6 4. Bg2 Bg7 5. d3 d6 6. Be3 Rb8 7. Qd2 b5 8. Nge2
Nd4 9. O-O b4 10. Nd1 e6 11. c3 Nxe2+ 12. Qxe2 bxc3 13. bxc3 Ne7 14. Qd2 O-O
15. Bh6 Ba6 16. Bxg7 Kxg7 17. Ne3 f5 18. exf5 exf5 19. c4 Bb7 20. Qb2+ Kg8 21.
Bxb7 Rf7 22. Qb5 f4 23. Qa6 fxe3 24. fxe3 Rxf1+ 25. Rxf1 Qd7 26. Be4 Rb6 27.
Qa3 d5 28. cxd5 Nxd5 29. Qxc5 Nf6 30. Qc4+ Kg7 31. Bg2 Qe7 32. e4 h5 33. Qc3 g5
34. e5 Ng4 35. d4 h4 36. h3 Nh6 37. d5 hxg3 38. d6 Qe6 39. Qc7+ Nf7 40. d7 Qxa2
41. d8=Q Rb1 42. Qxg5+ 1-0

[Event "Olimpiada Calviá 2004 Femenina"]
[Site "Calviá ESP"]
[Date "2004.10.25"]
[Round "10.26"]
[White "Bashkite, Viktoria"]
[Black "Sabirova, Olga"]
[Result "0-1"]
[WhiteElo "2206"]
[BlackElo "2250"]
[PlyCount "43"]
[EventDate "2004.10.15"]
[EventType "team"]
[EventRounds "14"]
[EventCountry "ESP"]
[Source "lmi"]
[SourceDate "2004.10.27"]

1. e4 e5 2. Nf3 Nc6 3. d4 exd4 4. Nxd4 d6 5. Bc4 Nf6 6. Nxc6 bxc6 7. e5 Ng4 8.
e6 f5 9. Qf3 Ne5 10. Qf4 g6 11. Qd4 Bg7 12. Be2 Bxe6 13. Nc3 O-O 14. O-O d5 15.
Qa4 c5 16. Qa5 Qe7 17. Na4 f4 18. a3 Bg4 19. Bxg4 Nxg4 20. h3 Nxf2 21. Qxc5
Nxh3+ 22. gxh3 0-1

[Event "Olimpiada Calviá 2004 Femenina"]
[Site "Calviá ESP"]
[Date "2004.10.25"]
[Round "10.26"]
[White "Laesson, Tuulikki"]
[Black "Khamrakulova, Ulduz"]
[Result "0-1"]
[WhiteElo "2254"]
[BlackElo "2123"]
[PlyCount "55"]
[EventDate "2004.10.15"]
[EventType "team"]
[EventRounds "14"]
[EventCountry "ESP"]
[Source "lmi"]
[SourceDate "2004.10.27"]

1. d4 Nf6 2. Bg5 e6 3. e4 d6 4. Bd3 Be7 5. f4 c5 6. Bxf6 Bxf6 7. e5 Bh4+ 8. g3
Be7 9. exd6 Qxd6 10. dxc5 Qxc5 11. c3 Nc6 12. Nd2 Bd7 13. Ne4 Qe3+ 14. Qe2
Qxe2+ 15. Nxe2 e5 16. O-O-O f5 17. Nd2 O-O-O 18. fxe5 Nxe5 19. Bc2 Ng4 20. Nc4
Nf2 21. Rxd7 Rxd7 22. Rf1 Nd3+ 23. Kb1 g6 24. Nd4 Ne5 25. Nxe5 Rxd4 26. Re1 Bf6
27. Nf3 Rdd8 28. b4 0-1

[Event "Olimpiada Calviá 2004"]
[Site "Calviá ESP"]
[Date "2004.10.26"]
[Round "11.1"]
[White "Quezada, Yuniesky"]
[Black "Karjakin, Sergey"]
[Result "0-1"]
[WhiteElo "2513"]
[BlackElo "2576"]
[PlyCount "142"]
[EventDate "2004.10.15"]
[EventType "team"]
[EventRounds "14"]
[EventCountry "ESP"]
[Source "lmi"]
[SourceDate "2004.10.27"]

1. e4 c5 2. Nf3 d6 3. d4 cxd4 4. Nxd4 Nf6 5. Nc3 a6 6. Be3 e5 7. Nb3 Be6 8. f3
Nbd7 9. Qd2 b5 10. O-O-O Nb6 11. Qf2 Nc4 12. Bxc4 bxc4 13. Nc5 Be7 14. N5a4 Rb8
15. Nb6 O-O 16. Kb1 Rb7 17. Ncd5 Nxd5 18. Nxd5 Rb5 19. Bb6 Qd7 20. a4 Rxd5 21.
exd5 Bf5 22. g4 Bg6 23. f4 exf4 24. Rhe1 Bf6 25. g5 Bxg5 26. Bd4 Qxa4 27. Rg1
Bf6 28. Bxf6 gxf6 29. Qd2 Rb8 30. Qc3 Rb5 31. Rd2 f3 32. h4 Ra5 33. Qa3 Qxa3
34. bxa3 Kf8 35. Rd4 Rxa3 36. Rxc4 Re3 37. Rf1 Be4 38. Kc1 f5 39. Rf2 Ke7 40.
Ra4 Bxd5 41. Kd2 Re5 42. Rxa6 Be4 43. c4 Rc5 44. Ra4 Kf6 45. Ke3 Ke5 46. Rd2 h5
47. Kf2 Rc8 48. Ke3 Rc6 49. Ra5+ Ke6 50. Ra4 Rc8 51. Ra6 Rxc4 52. Raxd6+ Ke5
53. Ra6 Rc3+ 54. Kf2 Rc1 55. Rh6 Rh1 56. Kg3 f4+ 57. Kf2 Rh2+ 58. Ke1 Rxh4 59.
Rh8 Kf5 60. Rg8 Kf6 61. Kf2 Rg4 62. Re8 Kf5 63. Rf8 f6 64. Rh8 Rg5 65. Rh6 Rg2+
66. Ke1 Rxd2 67. Kxd2 Kg4 68. Rh8 Kg3 69. Rg8+ Kf2 70. Rh8 h4 71. Rxh4 Kg3 0-1

[Event "Olimpiada Calviá 2004"]
[Site "Calviá ESP"]
[Date "2004.10.26"]
[Round "11.2"]
[White "Shirov, Alexei"]
[Black "Almasi, Zoltan"]
[Result "1-0"]
[WhiteElo "2726"]
[BlackElo "2650"]
[PlyCount "87"]
[EventDate "2004.10.15"]
[EventType "team"]
[EventRounds "14"]
[EventCountry "ESP"]
[Source "lmi"]
[SourceDate "2004.10.27"]

1. e4 e5 2. Nf3 Nc6 3. Bb5 a6 4. Ba4 Nf6 5. O-O Be7 6. Re1 b5 7. Bb3 O-O 8. a4
b4 9. d3 d6 10. a5 Be6 11. Nbd2 Rb8 12. Nc4 h6 13. c3 bxc3 14. bxc3 Nd7 15. Ba4
Na7 16. Be3 Nb5 17. Qc2 f5 18. exf5 Bxf5 19. Ncd2 c5 20. Bb3+ Kh7 21. Ne4 Bg6
22. Ng3 Nc7 23. Qd1 d5 24. Bc2 Nb5 25. d4 e4 26. c4 dxc4 27. Bxe4 Bxe4 28. Nxe4
cxd4 29. Nxd4 Ne5 30. Ne6 Qxd1 31. Nxf8+ Rxf8 32. Rexd1 Nd3 33. Kf1 Re8 34. f3
Bb4 35. Bb6 Nc3 36. Nxc3 Bxc3 37. Ra2 Bf6 38. Rc2 Nb2 39. Rd6 Nd3 40. Re2 Rc8
41. Bd4 Bxd4 42. Rxd4 Rc5 43. Rc2 Rxa5 44. Rdxc4 1-0

[Event "Olimpiada Calviá 2004"]
[Site "Calviá ESP"]
[Date "2004.10.26"]
[Round "11.2"]
[White "Cifuentes Parada, Roberto"]
[Black "Ruck, Robert"]
[Result "1/2-1/2"]
[WhiteElo "2540"]
[BlackElo "2562"]
[PlyCount "32"]
[EventDate "2004.10.15"]
[EventType "team"]
[EventRounds "14"]
[EventCountry "ESP"]
[Source "lmi"]
[SourceDate "2004.10.27"]

1. Nf3 Nf6 2. c4 c5 3. Nc3 d5 4. cxd5 Nxd5 5. d4 Nxc3 6. bxc3 g6 7. Bf4 Bg7 8.
e3 O-O 9. Be2 Qa5 10. Qd2 Nc6 11. Rb1 b6 12. O-O cxd4 13. cxd4 Qxd2 14. Nxd2 e5
15. dxe5 Nxe5 16. Nf3 Bg4 1/2-1/2

[Event "Olimpiada Calviá 2004"]
[Site "Calviá ESP"]
[Date "2004.10.26"]
[Round "11.2"]
[White "Varga, Zoltan"]
[Black "Romero Holmes, Alfonso"]
[Result "1-0"]
[WhiteElo "2538"]
[BlackElo "2514"]
[PlyCount "61"]
[EventDate "2004.10.15"]
[EventType "team"]
[EventRounds "14"]
[EventCountry "ESP"]
[Source "lmi"]
[SourceDate "2004.10.27"]

1. e4 e6 2. d4 d5 3. exd5 exd5 4. Nf3 Bd6 5. c4 Nf6 6. Nc3 O-O 7. h3 Re8+ 8.
Be2 dxc4 9. O-O Nbd7 10. Bxc4 Nb6 11. Bd3 h6 12. Re1 Be6 13. Ne5 Nfd5 14. Qf3
f6 15. Nc4 Nxc3 16. Nxb6 axb6 17. bxc3 Rxa2 18. Rxa2 Bxa2 19. Be3 Qd7 20. c4
Qf7 21. Qe2 Bb3 22. Rb1 Ba4 23. c5 bxc5 24. Bc4 Re6 25. dxc5 Bf8 26. Qa2 Bd7
27. Rd1 Kh7 28. Rxd7 Qxd7 29. Bxe6 Qd1+ 30. Kh2 Qh5 31. Qd5 1-0

[Event "Olimpiada Calviá 2004"]
[Site "Calviá ESP"]
[Date "2004.10.26"]
[Round "11.5"]
[White "Avrukh, Boris"]
[Black "Guseinov, Gadir"]
[Result "1-0"]
[WhiteElo "2614"]
[BlackElo "2552"]
[PlyCount "41"]
[EventDate "2004.10.15"]
[EventType "team"]
[EventRounds "14"]
[EventCountry "ESP"]
[Source "lmi"]
[SourceDate "2004.10.27"]

1. d4 Nf6 2. c4 g6 3. Nc3 Bg7 4. e4 d6 5. Nf3 O-O 6. Be2 Bg4 7. Be3 Nfd7 8. d5
c5 9. O-O Na6 10. Ng5 Bxe2 11. Qxe2 Nc7 12. f4 b5 13. cxb5 a6 14. bxa6 Qc8 15.
e5 dxe5 16. f5 Nf6 17. fxg6 hxg6 18. Qc4 Nxa6 19. d6 Qg4 20. Nce4 Nxe4 21. dxe7
1-0

[Event "Olimpiada Calviá 2004"]
[Site "Calviá ESP"]
[Date "2004.10.26"]
[Round "11.7"]
[White "Damljanovic, Branko"]
[Black "Georgiev, Kiril"]
[Result "0-1"]
[WhiteElo "2578"]
[BlackElo "2625"]
[PlyCount "120"]
[EventDate "2004.10.15"]
[EventType "team"]
[EventRounds "14"]
[EventCountry "ESP"]
[Source "lmi"]
[SourceDate "2004.10.27"]

1. d4 Nf6 2. Nf3 d5 3. c4 c6 4. Nc3 dxc4 5. a4 Bf5 6. Nh4 Bd7 7. e4 e6 8. g3
Bb4 9. Bg2 c5 10. d5 exd5 11. exd5 Qe7+ 12. Kf1 Bg4 13. Qc2 O-O 14. h3 Bh5 15.
Bf4 Re8 16. g4 Bg6 17. Nxg6 hxg6 18. d6 Qd7 19. Nb5 Nc6 20. Qxc4 Rad8 21. Nc7
Re5 22. Bxe5 Nxe5 23. Qe2 Qxd6 24. Nb5 Qb8 25. Rd1 Re8 26. Nd6 Re7 27. Bf3 g5
28. Nf5 Re6 29. h4 Nexg4 30. Qd3 Nh2+ 31. Kg2 Nxf3 32. Qd8+ Re8 33. Qxb8 Rxb8
34. hxg5 Nxg5 35. Ne7+ Kf8 36. Rh8+ Kxe7 37. Rxb8 b6 38. Rb7+ Ke6 39. Rxa7 Nge4
40. Rd8 Nd6 41. Rb8 Nd5 42. b3 g6 43. Rd8 Bc3 44. Kf3 g5 45. Kg2 f6 46. Rb8 Bb4
47. Rd8 Bd2 48. Kf1 g4 49. Rg8 f5 50. Rg6+ Ke5 51. Rd7 Ne4 52. Rd8 Nec3 53.
Rxb6 Nxb6 54. Rxd2 Nbd5 55. Rc2 Kd6 56. Kg2 Ne4 57. Rc1 Nd2 58. Kg3 Nxb3 59.
Rb1 c4 60. f3 gxf3 0-1

[Event "Olimpiada Calviá 2004"]
[Site "Calviá ESP"]
[Date "2004.10.26"]
[Round "11.8"]
[White "Timoscenko, Gennadij"]
[Black "Socko, Bartosz"]
[Result "1/2-1/2"]
[WhiteElo "2504"]
[BlackElo "2570"]
[PlyCount "54"]
[EventDate "2004.10.15"]
[EventType "team"]
[EventRounds "14"]
[EventCountry "ESP"]
[Source "lmi"]
[SourceDate "2004.10.27"]

1. d4 Nf6 2. c4 g6 3. Nc3 Bg7 4. e4 d6 5. Nf3 O-O 6. Be2 e5 7. Be3 Ng4 8. Bg5
f6 9. Bh4 g5 10. Bg3 Nh6 11. h3 exd4 12. Nxd4 Nc6 13. O-O f5 14. Nxf5 Nxf5 15.
exf5 Nd4 16. Bd3 Bxf5 17. Re1 Qd7 18. Bxf5 Rxf5 19. Re4 Nc6 20. Nd5 Raf8 21.
Qd2 Be5 22. Rae1 Qg7 23. b3 Kh8 24. Ne3 R5f7 25. Bxe5 Nxe5 26. Ng4 Nc6 27. f3
h5 1/2-1/2

[Event "Olimpiada Calviá 2004"]
[Site "Calviá ESP"]
[Date "2004.10.26"]
[Round "11.9"]
[White "Iordachescu, Viorel"]
[Black "Fressinet, Laurent"]
[Result "1/2-1/2"]
[WhiteElo "2632"]
[BlackElo "2640"]
[PlyCount "70"]
[EventDate "2004.10.15"]
[EventType "team"]
[EventRounds "14"]
[EventCountry "ESP"]
[Source "lmi"]
[SourceDate "2004.10.27"]

1. e4 e5 2. Nf3 Nc6 3. Bb5 a6 4. Ba4 Nf6 5. O-O Be7 6. Re1 b5 7. Bb3 d6 8. c3
O-O 9. h3 Na5 10. Bc2 c5 11. d4 Qc7 12. Nbd2 cxd4 13. cxd4 Nc6 14. d5 Nb4 15.
Bb1 a5 16. a3 Na6 17. b4 Bd7 18. bxa5 Nc5 19. Nb3 Nxb3 20. Qxb3 Bd8 21. Bd3 Qb8
22. Bd2 Bxa5 23. Reb1 Rc8 24. Qd1 Qa7 25. Be3 Bb6 26. Bxb6 Qxb6 27. a4 b4 28.
Qd2 Rcb8 29. Bc2 Qc5 30. Qd3 Rc8 31. Ne1 Qa5 32. Qd2 Rc3 33. Rb2 b3 34. Bd3 Qc5
35. a5 Rxa5 1/2-1/2

[Event "Olimpiada Calviá 2004"]
[Site "Calviá ESP"]
[Date "2004.10.26"]
[Round "11.9"]
[White "Degraeve, Jean-Marc"]
[Black "Svetushkin, Dmitry"]
[Result "1/2-1/2"]
[WhiteElo "2551"]
[BlackElo "2568"]
[PlyCount "95"]
[EventDate "2004.10.15"]
[EventType "team"]
[EventRounds "14"]
[EventCountry "ESP"]
[Source "lmi"]
[SourceDate "2004.10.27"]

1. e4 c6 2. d4 d5 3. e5 Bf5 4. h4 h5 5. c4 dxc4 6. Bxc4 e6 7. Nc3 Nd7 8. Nge2
Nb6 9. Bb3 Be7 10. Ng3 Bg6 11. Nge4 Nh6 12. Bxh6 Rxh6 13. Qd2 Bxe4 14. Nxe4 Nd5
15. a3 Rh8 16. Rh3 Qd7 17. Rg3 g6 18. Rf3 Rf8 19. g3 O-O-O 20. O-O-O Kb8 21.
Kb1 Qc7 22. Rc1 Qb6 23. Rd3 Nc7 24. Nc5 Nd5 25. Ka2 Bxc5 26. Rxc5 Ne7 27. a4
Rxd4 28. Rxd4 Qxc5 29. Qf4 Nd5 30. Bxd5 cxd5 31. Rd3 Qe7 32. Rf3 Qd7 33. Kb1 d4
34. Rd3 Rd8 35. b3 a6 36. Kb2 Ka8 37. Qe4 Ka7 38. Qf4 b5 39. axb5 axb5 40. Rd1
Kb6 41. Qd2 d3 42. Qe3+ Qd4+ 43. Qxd4+ Rxd4 44. Kc3 Rd5 45. f4 Kc5 46. Rxd3
Rxd3+ 47. Kxd3 Kd5 48. b4 1/2-1/2

[Event "Olimpiada Calviá 2004"]
[Site "Calviá ESP"]
[Date "2004.10.26"]
[Round "11.9"]
[White "Khruschiov, Alexey"]
[Black "Fontaine, Robert"]
[Result "0-1"]
[WhiteElo "2440"]
[BlackElo "2531"]
[PlyCount "62"]
[EventDate "2004.10.15"]
[EventType "team"]
[EventRounds "14"]
[EventCountry "ESP"]
[Source "lmi"]
[SourceDate "2004.10.27"]

1. e4 e5 2. Nf3 Nc6 3. Bb5 Nd4 4. Nxd4 exd4 5. O-O Bc5 6. d3 c6 7. Ba4 d6 8. f4
f5 9. Bb3 Ne7 10. Re1 fxe4 11. dxe4 Ng6 12. g3 h5 13. Qd3 Bg4 14. Nd2 Ne7 15.
Nf3 Bxf3 16. Qxf3 Qa5 17. Rd1 O-O-O 18. Be6+ Kb8 19. Kh1 d5 20. e5 Rdf8 21. a3
Qc7 22. Qd3 h4 23. b4 Bb6 24. g4 Rh6 25. f5 Rxe6 26. fxe6 Qxe5 27. Rf1 Rxf1+
28. Qxf1 Bc7 29. Qf2 d3 30. c3 Qe4+ 31. Kg1 Bb6 0-1

[Event "Olimpiada Calviá 2004"]
[Site "Calviá ESP"]
[Date "2004.10.26"]
[Round "11.10"]
[White "Hracek, Zbynek"]
[Black "Bu, Xiangzhi"]
[Result "1/2-1/2"]
[WhiteElo "2595"]
[BlackElo "2615"]
[PlyCount "24"]
[EventDate "2004.10.15"]
[EventType "team"]
[EventRounds "14"]
[EventCountry "ESP"]
[Source "lmi"]
[SourceDate "2004.10.27"]

1. e4 c5 2. Nf3 d6 3. d4 cxd4 4. Nxd4 Nf6 5. Nc3 a6 6. Be3 e5 7. Nb3 Be6 8. f3
Be7 9. Qd2 O-O 10. O-O-O Nbd7 11. g4 b5 12. g5 b4 1/2-1/2

[Event "Olimpiada Calviá 2004"]
[Site "Calviá ESP"]
[Date "2004.10.26"]
[Round "11.11"]
[White "Azmaiparashvili, Zurab"]
[Black "Aleksandrov, Aleksej"]
[Result "1-0"]
[WhiteElo "2672"]
[BlackElo "2659"]
[PlyCount "97"]
[EventDate "2004.10.15"]
[EventType "team"]
[EventRounds "14"]
[EventCountry "ESP"]
[Source "lmi"]
[SourceDate "2004.10.27"]

1. d4 Nf6 2. c4 e6 3. Nf3 d5 4. Nc3 Bb4 5. cxd5 exd5 6. Bg5 Nbd7 7. e3 c5 8.
Bd3 c4 9. Bf5 Nb6 10. Qc2 Be7 11. Ne5 Bxf5 12. Qxf5 O-O 13. h4 Ne8 14. Rh3 Qd6
15. O-O-O a6 16. Ng4 Rd8 17. Rg3 Kh8 18. e4 dxe4 19. Nxe4 Qd5 20. Qe5 Rd7 21.
Bxe7 Qxe5 22. dxe5 Rxe7 23. Nd6 h5 24. Ne3 Rxe5 25. Nxb7 f6 26. Rf3 Rf7 27. Nd6
Nxd6 28. Rxd6 Rb7 29. Rf5 Rxf5 30. Nxf5 Na4 31. Rd2 c3 32. Rd8+ Kh7 33. b3 Nc5
34. Kc2 Rb4 35. Rd4 Rxd4 36. Nxd4 g5 37. hxg5 fxg5 38. f3 Kg6 39. Kxc3 h4 40.
a4 g4 41. fxg4 Kg5 42. Kc4 Ne4 43. Kd5 Nc3+ 44. Kc6 Kxg4 45. Kb6 Kg3 46. Nf5+
Kg4 47. Nxh4 Kxh4 48. Kxa6 Kg5 49. Kb6 1-0

[Event "Olimpiada Calviá 2004"]
[Site "Calviá ESP"]
[Date "2004.10.26"]
[Round "11.13"]
[White "Iuldachev, Saidali"]
[Black "Agrest, Evgenij"]
[Result "1/2-1/2"]
[WhiteElo "2550"]
[BlackElo "2604"]
[PlyCount "25"]
[EventDate "2004.10.15"]
[EventType "team"]
[EventRounds "14"]
[EventCountry "ESP"]
[Source "lmi"]
[SourceDate "2004.10.27"]

1. e4 c5 2. Nf3 e6 3. c3 d5 4. exd5 exd5 5. d4 Nc6 6. Be3 c4 7. b3 cxb3 8. Qxb3
Nf6 9. Nbd2 Be7 10. Bd3 O-O 11. O-O Qc7 12. h3 h6 13. Rac1 1/2-1/2

[Event "Olimpiada Calviá 2004"]
[Site "Calviá ESP"]
[Date "2004.10.26"]
[Round "11.13"]
[White "Hillarp Persson, Tiger"]
[Black "Barsov, Alexei"]
[Result "1-0"]
[WhiteElo "2523"]
[BlackElo "2471"]
[PlyCount "131"]
[EventDate "2004.10.15"]
[EventType "team"]
[EventRounds "14"]
[EventCountry "ESP"]
[Source "lmi"]
[SourceDate "2004.10.27"]

1. d4 e6 2. c4 d5 3. Nc3 Be7 4. Nf3 Nf6 5. Bg5 h6 6. Bxf6 Bxf6 7. e3 O-O 8. Qd2
a6 9. Rc1 c6 10. e4 dxc4 11. e5 Be7 12. Bxc4 Nd7 13. Bd3 c5 14. Bb1 cxd4 15.
Qxd4 Nc5 16. Qe3 Bd7 17. O-O Bc6 18. Nd4 Be8 19. Rfd1 Nd7 20. Qe4 g6 21. Qxb7
Rb8 22. Qxa6 Qb6 23. Qe2 Nc5 24. b3 Bd7 25. Nf3 Rfc8 26. Qe3 Kg7 27. h4 Bc6 28.
h5 g5 29. Nd4 Ba8 30. Ne4 Bd5 31. Ng3 Kf8 32. Rc3 Nd7 33. Rxc8+ Rxc8 34. Be4
Rc5 35. Nf3 Qb7 36. Bxd5 Rxd5 37. Rxd5 Qxd5 38. Qd4 Qxd4 39. Nxd4 Nxe5 40. a4
Ke8 41. Kf1 Kd7 42. Ke2 f5 43. f3 Bc5 44. Nc2 Nc6 45. Nf1 Ne7 46. Nfe3 Ng8 47.
g4 Nf6 48. b4 Bf8 49. Kd3 fxg4 50. fxg4 e5 51. a5 Bd6 52. b5 Kc7 53. Kc4 Kb7
54. Nb4 e4 55. Nbd5 Nd7 56. Kd4 Nc5 57. Nf5 Bf8 58. Nde7 Nb3+ 59. Kxe4 Nxa5 60.
Nd5 Nc4 61. Nf6 Kc7 62. Kd5 Na3 63. b6+ Kb7 64. Nd7 Bb4 65. Nxh6 Nc2 66. Nf5
1-0

[Event "Olimpiada Calviá 2004"]
[Site "Calviá ESP"]
[Date "2004.10.26"]
[Round "11.13"]
[White "Egin, Vladimir"]
[Black "Hellsten, Johan"]
[Result "1/2-1/2"]
[WhiteElo "2459"]
[BlackElo "2564"]
[PlyCount "156"]
[EventDate "2004.10.15"]
[EventType "team"]
[EventRounds "14"]
[EventCountry "ESP"]
[Source "lmi"]
[SourceDate "2004.10.27"]

1. e4 c5 2. Nf3 e6 3. c3 Nf6 4. e5 Nd5 5. d4 cxd4 6. cxd4 d6 7. a3 Nc6 8. Bd3
dxe5 9. dxe5 g6 10. O-O Bg7 11. Re1 O-O 12. Be4 Nde7 13. Bf4 Qb6 14. Nbd2 Rd8
15. Qc1 Bd7 16. Nc4 Qc7 17. Bh6 Bh8 18. Bg5 Be8 19. Ne3 h5 20. Bf6 Bg7 21. Nf1
Nd5 22. Bxd8 Rxd8 23. Bxd5 Rxd5 24. Ne3 Rd8 25. Nc4 Qb8 26. Qc3 b5 27. Na5 Nxa5
28. Qxa5 Bc6 29. Rad1 Bd5 30. Rd3 Rc8 31. Rc3 Bxf3 32. Rxc8+ Qxc8 33. gxf3 Qd7
34. Kg2 Kh7 35. Qb4 Qd3 36. Qf4 Qd7 37. Qe4 Qd2 38. b4 Qg5+ 39. Kf1 Qd2 40. Qe2
Qc3 41. Kg2 a5 42. bxa5 Qxa5 43. Rb1 Qxa3 44. Rxb5 Qc1 45. Qe3 Qc6 46. Ra5 Bh6
47. Qd4 Qc1 48. h4 Qf4 49. Ra4 Qxd4 50. Rxd4 Bf8 51. Rd7 Kg7 52. Kg3 Bc5 53. f4
Kf8 54. Rb7 Ke8 55. f3 Be7 56. Kh3 Bd8 57. Ra7 Be7 58. Kg3 Bd8 59. Ra4 Be7 60.
Rd4 Bd8 61. Rd1 Be7 62. Rh1 Bc5 63. Rc1 Be7 64. Rc4 Bd8 65. Kg2 Be7 66. Kg3 Bd8
67. Ra4 Be7 68. Ra8+ Kd7 69. Ra7+ Ke8 70. Rb7 Bd8 71. Rb8 Kd7 72. Ra8 Be7 73.
Ra1 Ke8 74. Rh1 Bc5 75. Rh2 Bb6 76. Rh1 Bc5 77. Kg2 Be3 78. Kg3 Bc5 1/2-1/2

[Event "Olimpiada Calviá 2004"]
[Site "Calviá ESP"]
[Date "2004.10.26"]
[Round "11.14"]
[White "Dizdarevic, Emir"]
[Black "Fridman, Daniel"]
[Result "1/2-1/2"]
[WhiteElo "2538"]
[BlackElo "2578"]
[PlyCount "20"]
[EventDate "2004.10.15"]
[EventType "team"]
[EventRounds "14"]
[EventCountry "ESP"]
[Source "lmi"]
[SourceDate "2004.10.27"]

1. Nf3 d5 2. d4 Nf6 3. c4 c6 4. e3 Bg4 5. h3 Bxf3 6. Qxf3 e6 7. Nc3 Nbd7 8. Bd2
Bd6 9. cxd5 exd5 10. Bd3 Qe7 1/2-1/2

[Event "Olimpiada Calviá 2004"]
[Site "Calviá ESP"]
[Date "2004.10.26"]
[Round "11.14"]
[White "Kengis, Edvins"]
[Black "Atalik, Suat"]
[Result "1/2-1/2"]
[WhiteElo "2543"]
[BlackElo "2541"]
[PlyCount "23"]
[EventDate "2004.10.15"]
[EventType "team"]
[EventRounds "14"]
[EventCountry "ESP"]
[Source "lmi"]
[SourceDate "2004.10.27"]

1. Nf3 Nf6 2. g3 g6 3. Bg2 Bg7 4. d4 d5 5. O-O O-O 6. c4 c6 7. Nbd2 Bf5 8. b3
Ne4 9. Bb2 Nxd2 10. Qxd2 Be4 11. Rfd1 Nd7 12. Bf1 1/2-1/2

[Event "Olimpiada Calviá 2004"]
[Site "Calviá ESP"]
[Date "2004.10.26"]
[Round "11.14"]
[White "Kurajica, Bojan"]
[Black "Miezis, Normunds"]
[Result "1/2-1/2"]
[WhiteElo "2541"]
[BlackElo "2524"]
[PlyCount "131"]
[EventDate "2004.10.15"]
[EventType "team"]
[EventRounds "14"]
[EventCountry "ESP"]
[Source "lmi"]
[SourceDate "2004.10.27"]

1. d4 e6 2. Nf3 c5 3. e3 Nf6 4. Bd3 Be7 5. O-O Nc6 6. b3 O-O 7. a3 b6 8. Bb2
Bb7 9. Nbd2 d5 10. Qe2 Rc8 11. c4 Re8 12. Rac1 Bd6 13. dxc5 bxc5 14. Rfd1 Nd7
15. Bb1 Nf8 16. h4 h6 17. Qd3 Be7 18. cxd5 exd5 19. Qf5 Qd7 20. Qh5 Qc7 21. Bf5
Rcd8 22. Qg4 f6 23. b4 Qb6 24. Bc3 cxb4 25. axb4 Bc8 26. Bxc8 Rxc8 27. Nb3 Kh8
28. Nbd4 Nxd4 29. Qxd4 Qxd4 30. Bxd4 Rxc1 31. Rxc1 Bxb4 32. Bxa7 Ne6 33. Rd1
Ra8 34. Nd4 Nxd4 35. Bxd4 h5 36. Rb1 Ra4 37. Rc1 Ra8 38. Rc7 Rd8 39. Rb7 Bd6
40. f4 Kg8 41. Kf2 Bf8 42. Bb6 Rc8 43. Rd7 Rc6 44. Bd4 Rd6 45. Rb7 Rc6 46. Rb5
Rd6 47. Rb7 Rc6 48. Rd7 Rd6 49. Rc7 Ra6 50. Kf3 f5 51. g3 Re6 52. Rb7 Rc6 53.
Rb5 Rd6 54. Bc5 Rd8 55. Bxf8 Kxf8 56. Ke2 Ke7 57. Kd3 Ke6 58. Kd4 Rd6 59. Rb7
g6 60. Rg7 Kf6 61. Ra7 Re6 62. Ra5 Re4+ 63. Kd3 Ke6 64. Ra6+ Kf7 65. Rd6 Ra4
66. Ke2 1/2-1/2

[Event "Olimpiada Calviá 2004"]
[Site "Calviá ESP"]
[Date "2004.10.26"]
[Round "11.14"]
[White "Meijers, Viesturs"]
[Black "Predojevic, Borki"]
[Result "0-1"]
[WhiteElo "2465"]
[BlackElo "2509"]
[PlyCount "114"]
[EventDate "2004.10.15"]
[EventType "team"]
[EventRounds "14"]
[EventCountry "ESP"]
[Source "lmi"]
[SourceDate "2004.10.27"]

1. e4 e5 2. Nf3 d6 3. d4 exd4 4. Nxd4 Nf6 5. Nc3 Be7 6. Nde2 O-O 7. g3 Re8 8.
Bg2 Bf8 9. O-O Na6 10. Re1 Nc5 11. Nf4 Bg4 12. Qd2 c6 13. h3 Bd7 14. Nd3 d5 15.
Nxc5 Bxc5 16. e5 Qe7 17. a3 Ne4 18. Nxe4 dxe4 19. Rxe4 Bf5 20. Re2 Rad8 21. Qe1
Qe6 22. Kh2 Bd4 23. Bf1 Qg6 24. c3 Bb6 25. Be3 Bd3 26. Bxb6 axb6 27. Re3 Bxf1
28. Qxf1 Rd2 29. Re2 Qc2 30. Rxd2 Qxd2 31. Rb1 h5 32. Qe1 Qc2 33. h4 f6 34. e6
Qf5 35. Rd1 Rxe6 36. Rd8+ Kh7 37. Qd2 b5 38. Rd3 Re5 39. Kg2 Qe4+ 40. Kg1 Qe1+
41. Kg2 Qe4+ 42. Kg1 Qe1+ 43. Kg2 Qb1 44. Re3 Rxe3 45. fxe3 Qe4+ 46. Kf2 Kg6
47. Qe2 b6 48. Qd1 Qf5+ 49. Kg2 Qd5+ 50. Qf3 Qxf3+ 51. Kxf3 Kf5 52. e4+ Ke5 53.
b3 c5 54. Ke3 c4 55. bxc4 bxc4 56. a4 g6 57. Kf3 g5 0-1

[Event "Olimpiada Calviá 2004"]
[Site "Calviá ESP"]
[Date "2004.10.26"]
[Round "11.15"]
[White "San Segundo, Carrillo Pablo"]
[Black "Roselli Mailhe, Bernardo"]
[Result "1/2-1/2"]
[WhiteElo "2516"]
[BlackElo "2405"]
[PlyCount "81"]
[EventDate "2004.10.15"]
[EventType "team"]
[EventRounds "14"]
[EventCountry "ESP"]
[Source "lmi"]
[SourceDate "2004.10.27"]

1. d4 Nf6 2. c4 g6 3. Nc3 Bg7 4. e4 d6 5. Nf3 O-O 6. Be2 e5 7. Be3 h6 8. O-O
Ng4 9. Bc1 Nc6 10. d5 Ne7 11. Ne1 f5 12. Bxg4 fxg4 13. Be3 g5 14. c5 Ng6 15.
Rc1 Rf7 16. cxd6 cxd6 17. a4 Bf8 18. Nb5 Bd7 19. b3 Nf4 20. Nxa7 Qa5 21. Nb5
Bxb5 22. axb5 Qxb5 23. Bxf4 Rxf4 24. Rc4 Ra3 25. Nd3 Rxb3 26. Nxf4 Qxc4 27. Nh5
Rc3 28. Qxg4 Rc1 29. Qe6+ Kh8 30. Qf6+ Kg8 31. Qg6+ Kh8 32. Qf6+ Kg8 33. Qg6+
Kh8 34. Ng3 b5 35. h3 b4 36. Qf7 Rxf1+ 37. Nxf1 Qc8 38. Kh2 b3 39. Ng3 b2 40.
Nh5 b1=Q 41. Qf6+ 1/2-1/2

[Event "Olimpiada Calviá 2004"]
[Site "Calviá ESP"]
[Date "2004.10.26"]
[Round "11.15"]
[White "Herraiz Hidalgo, Herminio"]
[Black "Bauza, Alejandro"]
[Result "1-0"]
[WhiteElo "2474"]
[BlackElo "2235"]
[PlyCount "97"]
[EventDate "2004.10.15"]
[EventType "team"]
[EventRounds "14"]
[EventCountry "ESP"]
[Source "lmi"]
[SourceDate "2004.10.27"]

1. d4 Nf6 2. c4 e6 3. Nc3 Bb4 4. Qc2 d5 5. cxd5 exd5 6. Bg5 h6 7. Bxf6 Qxf6 8.
a3 Bxc3+ 9. Qxc3 c6 10. e3 Nd7 11. b4 O-O 12. Nf3 Re8 13. Rc1 a6 14. a4 Nb6 15.
Ra1 Bf5 16. Nd2 Nc8 17. Be2 Nd6 18. O-O Re7 19. b5 axb5 20. axb5 Rxa1 21. Rxa1
Ne4 22. Nxe4 dxe4 23. bxc6 bxc6 24. Ra6 Bd7 25. Qb4 Qg5 26. Bc4 h5 27. Ra5 Qh4
28. Qd6 Kf8 29. d5 Qf6 30. Qc5 g6 31. d6 Re8 32. Ra7 Rd8 33. h3 Kg7 34. Rc7 Qc3
35. Qa7 Qxc4 36. Rxd7 Qc1+ 37. Kh2 Rxd7 38. Qxd7 Qc2 39. Qe7 Qc5 40. Kg3 g5 41.
h4 gxh4+ 42. Kf4 Qb4 43. Qe5+ f6 44. Qe7+ Kg6 45. Qxe4+ Qxe4+ 46. Kxe4 Kf7 47.
Kd4 Ke6 48. Kc5 Kd7 49. e4 1-0